000
00240nam a2200109Ia 4500
008
140130s9999 xx 000 0 und d
245
_c
Mayer, Mercer
_a
I was so mad
260
_b
Scholastic,
440
_v
1
942
_c
BK
999
_c
42233
_d
42233